Euro 2024: Liste de l'EDF - avec clubs - Statistiques

Statistiques générales
  • Ce quiz a été pris 419 fois
  • Le résultat moyen est 22 sur 25
Statistiques - réponses
Poste Joueur % Correct
Attaquant Kylian Mbappé Paris Saint-Germain
98%
Gardien Mike Maignan AC Milan
98%
Milieu Antoine Griezmann Atletico Madrid
95%
Milieu N'golo Kanté Al-Ittihad
95%
Défenseur Theo Hernandez AC Milan
95%
Gardien Alphonse Aréola West Ham
94%
Défenseur Jules Koundé FC Barcelone
94%
Attaquant Ousmane Dembélé Paris Saint-Germain
94%
Milieu Aurélien Tchouaméni Real Madrid
93%
Gardien Brice Samba RC Lens
92%
Défenseur Benjamin Pavard Inter Milan
91%
Milieu Eduardo Camavinga Real Madrid
91%
Attaquant Olivier Giroud AC Milan
90%
Défenseur William Saliba Arsenal
90%
Milieu Adrien Rabiot Juventus
89%
Attaquant Bradley Barcola Paris Saint-Germain
89%
Défenseur Ibrahima Konaté Liverpool
89%
Attaquant Marcus Thuram Inter Milan
89%
Défenseur Dayot Upamecano Bayern Munich
86%
Attaquant Kingsley Coman Bayern Munich
85%
Défenseur Ferland Mendy Real Madrid
84%
Milieu Warren Zaïre-Emery Paris Saint-Germain
83%
Attaquant Randal Kolo Muani Paris Saint-Germain
82%
Défenseur Jonathan Clauss Olympique de Marseille
80%
Milieu Youssouf Fofana AS Monaco
76%
Aucun quiz correspondant
Distribution des résultats
% des personnes avec chaque résultat
Percentile par nombre de réponses
Votre historique - résultats
Vous n’avez pas pris ce quiz